| 000 | 00988cam a2200253 a 4500 | ||
|---|---|---|---|
| 999 |
_c48339 _d48339 |
||
| 005 | 20181127114310.0 | ||
| 008 | 940308s1993 enkab b 001 0 eng | ||
| 010 | _aENG-101710 | ||
| 020 |
_c125.00 _a9788170072195 |
||
| 035 | _aEN-85243 | ||
| 037 | _bDBAD/PUB | ||
| 040 |
_adpl _bEng |
||
| 082 | _a331.1330954 | ||
| 100 | 1 |
_922405 _aBardhan, A. B. _d1925- _q(Ardhendu Bhushan) |
|
| 245 | 1 | 0 |
_aClass caste reservation & struggle against casteism/ _cby A.B. Bardhan |
| 260 |
_aNew Delhi _bPeople's Publishing House _c2010 |
||
| 270 |
_a5-E, Rani Jhansi Road, _bNew Delhi _e110055 |
||
| 300 | 1 |
_aviii,131p. _c22cm (Hb) |
|
| 500 | _aOn reverse discrimination in employment in India; articles by the secretary, National Council of the Communist Party of India. | ||
| 650 | 0 |
_922448 _aReverse discrimination in employment _x India. |
|
| 650 | 0 |
_aDiscrimination in employment _xIndia. _924379 |
|
| 650 | 0 |
_aCaste _xIndia. _924380 |
|
| 942 |
_2ddc _cEN _mBAR _h331.1330954 |
||